000 00812nam2a22002531 4500
001 RU\NLR\INFOCOMM15\5000229781
005 20250617114257.0
035 _a(NLR Aleph) 002580220
090 _a3268706
_c3268706
100 _a20041020d1979 |||y0rusy50 ca
101 0 _arus
_aeng
102 _aRU
105 _ay ||||000|y
200 1 _aThe mass spectrum in the baryon model in 1/N expansion of nonrelativistic QCD
_fI.L. Bogolubskij
210 _d1979
_aБ. м.
461 0 _1001RU\NLR\INFOCOMM15\1000176112
_12001#$aИздания$fОбъедин. ин-т ядерных исследований$vЕ2-12864
700 1 _aBogolubskij
_bI.L.
_4070
801 1 _aRU
_bInfoComm
_c20041123
801 0 _aRU
_bNLR
_gPSBO
852 _aNLR
_jП11/2061
942 _cISSUE
980 _aNB
980 _aRUSPER